Statistics for Pokémon Go: Highest Total Damage by Type #2

Click here to take the quiz!

General Stats

  • This quiz has been taken 13 times
    (7 since last reset)
  • The average score is 24 of 30

Answer Stats

TypeTDOPokémonRegion% Correct
Bug394.6HeracrossJohto
100%
Water610.2KyogreHoenn
100%
Fire427ChandelureUnova
83%
Ghost427ChandelureUnova
83%
Steel599DialgaSinnoh
83%
Fire545EnteiJohto
83%
Bug430.9GenesectUnova
83%
Ghost350.4GengarKanto
83%
Ghost597.1Giratina (Altered)Sinnoh
83%
Ghost663.9Giratina (Origin)Sinnoh
83%
Water458.5GyaradosKanto
83%
Steel549.1HeatranSinnoh
83%
Fire549.1HeatranSinnoh
83%
Fire545Ho-OhJohto
83%
Steel604.2JirachiHoenn
83%
Steel476.3Melmetaln/a
83%
Steel621.7MetagrossHoenn
83%
Fire524.2MoltresKanto
83%
Water590.3PalkiaSinnoh
83%
Bug350ScizorJohto
83%
Water494SwampertHoenn
83%
Grass466.3TorterraSinnoh
83%
Grass429VenusaurKanto
83%
Grass521CelebiJohto
67%
Water457.7FeraligatrJohto
67%
Grass479TangrowthSinnoh
67%
Grass472.5VirizionUnova
67%
Bug347.9EscavalierUnova
50%
Ghost368.8GolurkUnova
50%
Bug347.8YanmegaSinnoh
50%

Score Distribution

Percentile by Number Answered

Percent of People with Each Score

Your Score History

You have not taken this quiz since the last reset